000 01117nam1a2200277 4500
001 RU\NLR\BIBL_A\022464594
005 20250807185205.0
035 _a(NLR Aleph) 022464594
090 _a80647
_c80647
100 _a20250220d1941 c y0rusy50 ca
101 0 _auzb
_crus
102 _aUZ
105 _aa z 000 y
181 0 _ai
_baxxe
182 0 _an
200 1 _aАрифметика масалалари ва машқлари тўплами
_fН. С. Попова
203 _aТекст
_bвизуальный
_cнепосредственный
210 _aТошкент, Самарканд
_cЎзССР давлат ўқув-педагогик нашриёти
_d1941
215 _d21
541 1 _aСборник арифметических задач и упражнений
_zrus
700 1 _aПопова
_bН. С.
_cпедагог-математик
_f1885-1975
_gНаталья Сергеевна
_3RU\NLR\AUTH\770198576
_4070
852 _aNLR
_bОНЛ
_jУзбек./3-1049
942 _cBOOK
945 _aРоссийская национальная библиотека
980 _aBV